000
00205 a2200085 4500
001
73929
090
_c
39022
_d
39022
245
_a
Logic and computer design fundamentals, 2nd Ed
260
_a
Delhi, India
_b
Pearson
_c
2001
942
_a
NUST-CAE
999
_c
309002
_d
309002